Jak hodnotit investice a jiné dlouhodobé akce.

Hodnotenie efektívnosti investícií. Určenie nákladov na investície. Odhad budúcich výnosov a rizík. Určenie nákladov na kapitál. Výpočet výnosov. Metódy hodnotenia investícií, doby splatenia, čistej súčasnej hodnoty a vnútorného výnosového percenta. Výber z investičných možností. Vplyv inflácie na e...

Description complète

Enregistré dans:
Détails bibliographiques
Auteur principal: Synek, Miloslav
Format: Chapitre de livre
Langue:tchèque
Sujets:
Tags: Ajouter un tag
Pas de tags, Soyez le premier à ajouter un tag!

MARC

LEADER 00000naa a2200000 4500
001 r005805
005 20221125080822.7
041 0 |a cze 
044 |a [CS] 
245 1 0 |a Jak hodnotit investice a jiné dlouhodobé akce.  |c Miloslav Synek 
520 |a Hodnotenie efektívnosti investícií. Určenie nákladov na investície. Odhad budúcich výnosov a rizík. Určenie nákladov na kapitál. Výpočet výnosov. Metódy hodnotenia investícií, doby splatenia, čistej súčasnej hodnoty a vnútorného výnosového percenta. Výber z investičných možností. Vplyv inflácie na efektívnosť investícií. Investičné riziko. 
610 2 0 |a investície 
610 2 0 |a náklady investičné 
610 2 0 |a inflácia 
610 2 0 |a efektívnosť investícií 
610 2 0 |a riziko 
100 1 |a Synek, Miloslav